Manual de ondulado y teñido del cabello / (Registro nro. 11389)

Detalles MARC
000 -LEADER
fixed length control field 01143nam a2200313 4500
001 - CONTROL NUMBER
control field 0000022980
003 - CONTROL NUMBER IDENTIFIER
control field CO-CtgCURN
005 - DATE AND TIME OF LATEST TRANSACTION
control field 20250329191023.0
007 - PHYSICAL DESCRIPTION FIXED FIELD--GENERAL INFORMATION
fixed length control field ta
008 - FIXED-LENGTH DATA ELEMENTS--GENERAL INFORMATION
fixed length control field 160627s2004 000 0 eng d
020 ## - INTERNATIONAL STANDARD BOOK NUMBER
International Standard Book Number 9682470013
040 ## - CATALOGING SOURCE
Original cataloging agency CO-CtgCURN
Language of cataloging spa
Transcribing agency coctgcurn
082 0# - DEWEY DECIMAL CLASSIFICATION NUMBER
Classification number 646.724
Item number M294
100 1# - MAIN ENTRY--PERSONAL NAME
Personal name Lesur, Luis.
245 10 - TITLE STATEMENT
Title Manual de ondulado y teñido del cabello /
Statement of responsibility, etc. Luis Lesur , Carlos Marin, Olivia Ortega.
260 ## - PUBLICATION, DISTRIBUTION, ETC.
Place of publication, distribution, etc. Mexico :
Name of publisher, distributor, etc. Trillas,
Date of publication, distribution, etc. 2004.
300 ## - PHYSICAL DESCRIPTION
Extent 80 p.
336 ## - CONTENT TYPE
Source rdacontent
337 ## - MEDIA TYPE
Source rdamedia
Media type term sin mediacion
Media type code n
338 ## - CARRIER TYPE
Source rdacarrier
Carrier type term volumen
Carrier type code nc
490 1# - SERIES STATEMENT
Series statement Colección como hacer bien y facilmente
500 ## - GENERAL NOTE
General note Incluye indice.
505 8# - FORMATTED CONTENTS NOTE
Formatted contents note Ondulado permanente.--Ondulado no permanente.--Teñido del cabello.--Herramientas.--Ondulado con los dedos.--Peine con mango de dientes delgado.--Lociones fijadoras.--Peine con mango de dientes muy gruesos
650 14 - SUBJECT ADDED ENTRY--TOPICAL TERM
Topical term or geographic name entry element Pelo
Form subdivision Cuidado e higiene
General subdivision Manuales.
700 1# - ADDED ENTRY--PERSONAL NAME
Personal name Ortega, Olivia.
908 ## - PUT COMMAND PARAMETER (RLIN)
Put command parameter 160627
942 ## - ADDED ENTRY ELEMENTS (KOHA)
Koha item type Libros
Classification part 646.724
Item part M294
Source of classification or shelving scheme Dewey Decimal Classification
Existencias
Withdrawn status Lost status Source of classification or shelving scheme Damaged status Not for loan Collection Home library Current library Shelving location Date acquired Inventory number Total checkouts Full call number Barcode Date last seen Price effective from Koha item type Public note
    Dewey Decimal Classification     General Miguel Henríquez Emiliani Miguel Henríquez Emiliani General 03/29/2025 012395   646.724 M294 012395 03/29/2025 03/29/2025 Libros 640-ECODOM